Statistics for Top 15 Countries with Covid-19 Deaths - 12 June 2021

Click here to take the quiz!

General Stats

  • This quiz has been taken 16 times
  • The average score is 17 of 24

Answer Stats

total
deaths
country% Correct
486,358Brazil
100%
110,407France
100%
229,821Mexico
100%
127,896United Kingdom
100%
614,953United States
100%
90,456Germany
94%
126,976Italy
94%
80,501Spain
94%
370,407India
88%
85,075Argentina
81%
81,911Iran
81%
126,073Russia
81%
74,562Poland
75%
95,192Colombia
63%
188,443Peru
63%
Belgium
50%
Czechia
50%
Slovenia
50%
Croatia
44%
Hungary
44%
Bosnia and
Herzegovina
38%
Bulgaria
38%
Slovakia
38%
North Macedonia
31%

Score Distribution

Percentile by Number Answered

Percent of People with Each Score

Your Score History

You have not taken this quiz